• 首页
  • 本馆介绍
  • 公告通知
  • 最新文献
  • 馆藏检索
  • 电子资源
  • 读者导购
  • 参考咨询
  • 我的图书馆
  • 登录
  • 详细信息显示
  • 放入我的书架
  • 预约/预借图书
  • 作者相关作品
  • 分类相关作品
  • 丛书相关作品
  • 出版社相关作品

书目信息

  • 表格格式
  • 工作单格式
  • 卡片格式
题名:
生存模型的构造理论
    
 
作者: 邹公明 编著
分册:  
出版信息: 上海   上海财经大学出版社  2005
页数: 451页
开本: 21cm
丛书名:
单 册:
中图分类: F840.62
科图分类:
主题词: 生存 , 模型 , 生存--模型--应用--人身保险--考核--自学参考资料 , 人身保险
电子资源:
ISBN: 7-81098-439-X
000 00891nam0 2200265 450
001 003077689
005 20061123144918.18
010    @a7-81098-439-X@dCNY33.00
100    @a20060215d2005 em y0chiy0110 ea
101 0  @achi
102    @aCN@b310000
105    @ay z 000yy
200 1  @a生存模型的构造理论@9sheng cun mo xing de gou zao li lun@f邹公明编著
210    @a上海@c上海财经大学出版社@d2005
215    @a451页@d21cm
300    @a中国精算师资格考试辅导用书
330    @a本书介绍了生存模型及其性质、生命表、完整样本数据情况下表格生存模型的估计、非完整样本数据情况下表格生存模型的估计、参数生存模型的估计等八章内容。
606 0  @a生存
606 0  @a模型
606 0  @a生存@x模型@x应用@x人身保险@x考核@j自学参考资料
606 0  @a人身保险
690    @aF840.62@v4
701  0 @a邹公明@9zou gong ming@c(保险学)@4编著
801  0 @aCN@bNLC@c20061123
905    @a10447@dF840.62@e13
    
    生存模型的构造理论/邹公明编著.-上海:上海财经大学出版社,2005
    451页;21cm
    中国精算师资格考试辅导用书
    
    ISBN 7-81098-439-X:CNY33.00
    本书介绍了生存模型及其性质、生命表、完整样本数据情况下表格生存模型的估计、非完整样本数据情况下表格生存模型的估计、参数生存模型的估计等八章内容。
●
相关链接 在E读中查询图书 在五车中查询图书 在当当中查询图书 在豆瓣中查询图书


正题名:生存模型的构造理论     索取号:F840.62/13         预约/预借

序号 登录号 条形码 馆藏地/架位号 状态 备注
1 0390432   203904329   第一样本阅览室/ [索取号:F840.62/13] 在馆    
2 0390433   203904338   第一借阅区/ [索取号:F840.62/13] 在馆    
3 0390434   203904347   第一借阅区/ [索取号:F840.62/13] 在馆    
4 0390435   203904356   第一借阅区/ [索取号:F840.62/13] 在馆    
5 0390436   203904365   第一借阅区/ [索取号:F840.62/13] 在馆    
唐山师范学院图书馆 欢迎您!
大连网信软件有限公司© 版权所有